00685nam a2200193 i 4500001000400000100001900004245004600023250001700069260009800086300004200184505005100226650001400277700003000291020001500321040000800336041000800344008004100352856009800393bgj1 aEVANS, Joel R.10aMarketing /cJoel R. Evans, Barry Berman. a4th edition. aNew York ;aLondon :bMacmillan Publishing Company :bCollier Macmillan Publishers,cc. 1990. aXXIX, 780, A79, I30 :bill. ;c26 cm. aIncludes index and bibliographical references. 9aMarketing1 aBERMAN, Barry.eco-author a0023344016 cBPK aeng s uk f |000 0 eng  uhttp://koha.tu.koszalin.pl/cgi-bin/koha/opac-detail.pl?biblionumber=47625yKatalog online BPK